[Event "GER-ch Net Amateur Gr-B Vor2"]
[Site "Playchess.com INT"]
[Date "2020.04.15"]
[Round "6"]
[White "Weber, Michael"]
[Black "Eckert, David"]
[Result "0-1"]
[WhiteElo "1567"]
[BlackElo "1676"]
[PlyCount "54"]
[EventDate "2020.04.15"]
[EventType "swiss (blitz)"]
[EventRounds "9"]
[EventCountry "GER"]
[SourceTitle "CBM 196 Extra"]
[Source "ChessBase"]
[SourceDate "2020.07.31"]
[SourceVersion "1"]
[SourceVersionDate "2020.07.31"]
[SourceQuality "1"]

1. d4 Nf6 2. Nf3 d5 3. c4 c6 4. Nc3 e6 5. e3 Be7 6. Be2 0-0 7. 0-0 h6 8. b3 Bd7 9. Bb2 Qc7 10. cxd5 exd5 11. Rc1 a6 12. Ne5 Bf5 13. g3 Nbd7 14. Nxd7 Qxd7 15. Bf3 Bh3 16. Bg2 Bf5 17. Re1 Rfe8 18. Qd2 Bb4 19. a3 Ba5 20. b4 Bc7 21. Ne2 Re7 22. Rc3 Rae8 23. Rec1 Ne4 24. Bxe4 Bxe4 25. Qe1 Qh3 26. Qf1 Qg4 27. Re1 Qf3 0-1

[Event "GER-ch Net blitz qual3"]
[Site "Playchess.com INT"]
[Date "2020.03.21"]
[Round "2"]
[White "Hoehne, Peter"]
[Black "Eckert, David"]
[Result "0-1"]
[WhiteElo "2020"]
[BlackElo "1746"]
[PlyCount "86"]
[EventDate "2020.03.21"]
[EventType "swiss (blitz)"]
[EventRounds "9"]
[EventCountry "GER"]
[SourceTitle "CBM 195 Extra"]
[Source "ChessBase"]
[SourceDate "2020.05.31"]
[SourceVersion "1"]
[SourceVersionDate "2020.05.31"]
[SourceQuality "1"]

1. e4 c6 2. d4 d5 3. Nc3 dxe4 4. Bc4 Nd7 5. Nxe4 e6 6. Qe2 Ngf6 7. Bg5 Be7 8. 0-0-0 Nxe4 9. Bxe7 Qxe7 10. Qxe4 Nb6 11. Bd3 Bd7 12. Kb1 0-0-0 13. c4 Qb4 14. Rc1 g6 15. a3 Qe7 16. Nf3 f5 17. Qe5 Rhe8 18. Rhe1 Qf7 19. Ng5 Qe7 20. d5 Qxg5 21. c5 Nxd5 22. b4 Qf4 23. Qb2 e5 24. b5 Qd4 25. Qb3 e4 26. bxc6 Bxc6 27. Bc4 Nc7 28. Red1 Qxf2 29. Bf7 Rf8 30. Be6+ Nxe6 31. Qxe6+ Kb8 32. Qe5+ Ka8 33. Rd6 e3 34. Qd4 Be4+ 35. Ka1 Rc8 36. c6 Bxc6 37. Rdxc6 Rxc6 38. Rb1 Rfc8 39. Qd7 R6c7 40. Qd5 e2 41. Rb2 e1Q+ 42. Ka2 Qc5 43. Rxb7 Rxb7 0-1

[Event "GER-ch Net blitz qual1"]
[Site "Playchess.com INT"]
[Date "2020.03.07"]
[Round "8"]
[White "Eckert, David"]
[Black "Paehtz, Wolfgang"]
[Result "1-0"]
[WhiteElo "1746"]
[BlackElo "1948"]
[PlyCount "99"]
[EventDate "2020.03.07"]
[EventType "swiss (blitz)"]
[EventRounds "9"]
[EventCountry "GER"]
[SourceTitle "CBM 195 Extra"]
[Source "ChessBase"]
[SourceDate "2020.05.31"]
[SourceVersion "1"]
[SourceVersionDate "2020.05.31"]
[SourceQuality "1"]

1. Nf3 c5 2. c4 Nc6 3. Nc3 g6 4. e4 Bg7 5. d3 d6 6. Bd2 a6 7. a4 b6 8. Be2 Rb8 9. 0-0 Bd7 10. Qc2 Nf6 11. Nd5 0-0 12. Bc3 e5 13. h3 b5 14. axb5 axb5 15. b3 h6 16. Ra2 Nxd5 17. exd5 Nd4 18. Nxd4 exd4 19. Bd2 Qe7 20. Bf3 Ra8 21. Rfa1 Rxa2 22. Qxa2 b4 23. Qa7 Re8 24. Qc7 Bf5 25. Qxe7 Rxe7 26. Ra6 Bxd3 27. Rxd6 Bf8 28. Rc6 Rd7 29. Bd1 Be7 30. Bxh6 g5 31. Rc8+ Kh7 32. Bf8 Bxf8 33. Rxf8 Ra7 34. Kh2 Bf5 35. Rd8 Kg7 36. g4 Bd7 37. Kg3 Kf6 38. f4 Ke7 39. Rg8 gxf4+ 40. Kxf4 Ra1 41. Bf3 Rb1 42. h4 Rxb3 43. h5 Rb2 44. h6 Rh2 45. g5 Be8 46. Be4 b3 47. h7 b2 48. h8Q Rxh8 49. Rxh8 f6 50. gxf6+ 1-0

[Event "GER-ch Net blitz qual1"]
[Site "Playchess.com INT"]
[Date "2020.03.07"]
[Round "1"]
[White "King, Alexander"]
[Black "Eckert, David"]
[Result "1-0"]
[WhiteElo "2053"]
[BlackElo "1746"]
[PlyCount "143"]
[EventDate "2020.03.07"]
[EventType "swiss (blitz)"]
[EventRounds "9"]
[EventCountry "GER"]
[SourceTitle "CBM 195 Extra"]
[Source "ChessBase"]
[SourceDate "2020.05.31"]
[SourceVersion "1"]
[SourceVersionDate "2020.05.31"]
[SourceQuality "1"]

1. Nf3 d5 2. e3 Nc6 3. c4 dxc4 4. Bxc4 e6 5. Nc3 Nf6 6. 0-0 Be7 7. d4 0-0 8. a3 b6 9. Qc2 Bb7 10. Rd1 Na5 11. Be2 Qd7 12. Ne5 Qc8 13. Nb5 c5 14. dxc5 Qxc5 15. Qxc5 Bxc5 16. b4 Nb3 17. bxc5 Nxa1 18. c6 Bc8 19. a4 Nb3 20. Ba3 Nc5 21. Bf3 a6 22. c7 Nd5 23. Nd6 Ra7 24. Bxc5 bxc5 25. Bxd5 exd5 26. Rxd5 Rxc7 27. Rd1 Be6 28. Rc1 f6 29. Nf3 Rd8 30. Ne4 c4 31. h3 Bd5 32. Ned2 Bxf3 33. Nxf3 c3 34. Nd4 Rb8 35. Kf1 Rb2 36. Ke1 Ra2 37. g4 Rxa4 38. Ke2 Ra2+ 39. Kd3 Rxf2 40. h4 Rg2 41. g5 fxg5 42. hxg5 a5 43. Nb5 Rc5 44. Nxc3 Rg4 45. Ra1 Rgxg5 46. Ne4 Rgd5+ 47. Ke2 Rc2+ 48. Kf3 Rb2 49. Nc3 Rf5+ 50. Ke4 Rc5 51. Na4 Rc4+ 52. Kd5 Rcb4 53. Nxb2 Rxb2 54. Rxa5 h6 55. Ke6 Kh7 56. e4 Rb6+ 57. Kf5 g6+ 58. Ke5 h5 59. Kd5 h4 60. e5 Kg7 61. e6 Kf6 62. Ra8 Rxe6 63. Rf8+ Kg7 64. Rf4 g5 65. Rg4 Rg6 66. Ke5 Kh6 67. Kf5 Kh5 68. Rg1 h3 69. Rg3 Kh4 70. Rg4+ Kh5 71. Rg3 Rg8 72. Rxh3# 1-0

[Event "GER-ch Net blitz qual1"]
[Site "Playchess.com INT"]
[Date "2020.03.07"]
[Round "5"]
[White "Wichmann, Cliff"]
[Black "Eckert, David"]
[Result "1-0"]
[WhiteElo "2299"]
[BlackElo "1746"]
[PlyCount "69"]
[EventDate "2020.03.07"]
[EventType "swiss (blitz)"]
[EventRounds "9"]
[EventCountry "GER"]
[SourceTitle "CBM 195 Extra"]
[Source "ChessBase"]
[SourceDate "2020.05.31"]
[SourceVersion "1"]
[SourceVersionDate "2020.05.31"]
[SourceQuality "1"]

1. d4 Nf6 2. c4 e5 3. dxe5 Ng4 4. Bf4 g5 5. Bg3 Bg7 6. h4 h6 7. Nf3 Nc6 8. hxg5 hxg5 9. Rxh8+ Bxh8 10. Nc3 Ngxe5 11. e3 d6 12. Nxe5 Nxe5 13. Qh5 Bf6 14. Qh7 Be6 15. 0-0-0 Qe7 16. Qg8+ Qf8 17. Qxf8+ Kxf8 18. Ne4 Ke7 19. b3 Rh8 20. Be2 Nc6 21. Nxf6 Kxf6 22. Bf3 Ke7 23. Kb2 f5 24. c5 Ne5 25. Bxb7 Rf8 26. f3 f4 27. exf4 gxf4 28. Bh4+ Kd7 29. Rd2 Rg8 30. Bf6 Nf7 31. Be4 Nd8 32. Be5 Rf8 33. cxd6 cxd6 34. Rxd6+ Ke7 35. Ra6 1-0